| 000 | 03855nam a2200505Ia 4500 | ||
|---|---|---|---|
| 001 | dia_6687 | ||
| 003 | CHAP | ||
| 005 | 20240801172907.0 | ||
| 007 | ta | ||
| 008 | 220601s2017 mx ad frm 001 0 spa d | ||
| 040 |
_amxchpua _cCHAP |
||
| 041 | 0 |
_aspa _beng |
|
| 090 |
_aTesis _bS265 _c2017 |
||
| 100 | 1 | _aSantiago Carrada, Soledad | |
| 240 | 1 | 0 |
_aDetermination of biochemical potential of endogenous methane in nopal (Opuntia ficusindica L.) Milpa Alta variety in cow manure co-digestion. _lEspañol |
| 245 | 1 | 0 |
_aDeterminación del potencial bioquímico de metano endógeno en co-digestión de nopal (Opuntia ficus-indica L.) variedad Milpa Alta y estiércol de bovino / _cSoledad Santiago Carrada |
| 264 |
_aChapingo, México : _bEl autor, _c2017 |
||
| 300 |
_a80 hojas : _bilustraciones, gráficas, diagramas, tablas + _e1 CD-ROM |
||
| 336 |
_2rdacontent _atexto _btxt |
||
| 337 |
_2rdamedia _ano mediado _bn |
||
| 338 |
_2rdacarrier _avolumen _bnc |
||
| 500 | _aEl CD contiene reporte | ||
| 502 |
_aTesis _b(Ingeniero Agroindustrial) -- _cUACh. Departamento de Ingeniería Agroindustrial, _d2017 |
||
| 504 | _aBibliografía: hojas 73-77 | ||
| 520 | 3 | _aEn este trabajo se obtuvo el Potencial Bioquímico de metano residual (PBM) en efluentes procedentes de un proceso de DA en co-digestión de nopal (Opuntia ficus indica L.) variedad Milpa Alta con estiércol de bovino; y efluentes de estiércol de bovino, como monosustrato. Los tratamientos fueron comparados con controles positivos, celulosa y efluente a las concentraciones de ST iniciales. Adicionalmente, como parte de un estudio exploratorio se analizaron muestras de efluentes con 20 y 80% de agua. Los resultados experimentales demostraron que existe PBM residual del orden de 55.72±15.12 𝑚𝐿 𝐶𝐻4 ∙ 𝑔SV inicial −1 procedentes en tratamientos de co-digestión y 46.17±4.19 𝑚𝐿 𝐶𝐻4 ∙𝑔SVinicial −1 para efluente 100% estiércol. Los resultados obtenidos fueron simulados con el modelo de Gompertz, lo que permitió determinar la fase de latencia y la velocidad de producción de metano. Una post-metanización podría ser recomendable para recuperar el metano residual. -- | |
| 520 | 3 | _aThis study obtained the Residual Biochemical Methane Potential (BMP) in effluent from of DA process in codigestion of nopal (Opuntia ficus indica L.) with cow manure; and effluent of cow manure, as monosustate. The treatments were compare with positive control, cellulose and effluent at concentrations of TS initials. Additionally, as part of an exploratory study were analyzed samples of effluent with 20% and 80% of water. Experimental results showed that the residual BMP was 55.72±15.12 𝑚𝐿 𝐶𝐻4∙𝑔SV inicial −1 in treatments from co-digestion and 46.17±4.19 𝑚𝐿 𝐶𝐻4 ∙ 𝑔SVinicial −1 in effluent of cow manure. The results obtained were simulate with the Gompertz model, what allows determining the latent phase and production speed of methane. A post-methanation could be recommendable to recover residual methane. | |
| 650 | 1 | 3 |
_aOpuntia _xMetano _2atg |
| 650 | 1 | 3 |
_aEstiércol de ganado _2atg |
| 650 | 1 | 3 |
_aModelos matemáticos _2atg |
| 650 | 1 | 3 |
_aProducción de metano _2atg |
| 650 | 1 | 3 |
_aOpuntia _xMethane _2atg |
| 650 | 1 | 3 |
_aCattle manure _2atg |
| 650 | 1 | 3 |
_aMathematical models _2atg |
| 650 | 1 | 3 |
_aMethane production _2atg |
| 700 | 1 |
_aGonzález Rangel, María del Carmen _edirectora |
|
| 700 | 1 |
_aEspinosa Solares, Teodoro _easesor |
|
| 700 | 1 |
_aEspejel Zaragoza, José Alfredo _easesor |
|
| 856 | 4 | 1 |
_uhttp://10.13.5.2/tesis/sist114384.pdf _yDESCARGAR PDF |
| 901 | _aTESIS S265 2017 | ||
| 902 | _aM | ||
| 905 | _a5232272017 mx nm 8223123322spa16 | ||
| 942 |
_cTESIS _2Clasificación Universidad Autónoma Chapingo |
||
| 999 |
_c209690 _d209690 |
||